[Event "TCh-RUS Women 2017"]
[Site "Sochi RUS"]
[Date "2017.05.10"]
[Round "9.1"]
[Board "1"]
[White "Bodnaruk, Anastasia"]
[Black "Filippova, Darya"]
[Result "1-0"]
[WhiteTitle "IM"]
[BlackTitle "WFM"]
[WhiteElo "2438"]
[BlackElo "2015"]
[WhiteTeam "SDYUSSHOR SHSH St Petersburg"]
[BlackTeam "Yuzhnyy Ural Chelyabinsk region"]
[WhiteFideId "4181751"]
[BlackFideId "24173738"]
[EventDate "2017.05.01"]

1. e4 c6 2. d4 d5 3. e5 Bf5 4. Nf3 e6 5. Be2 Nd7 6. O-O h6 7. Nbd2 Ne7 8. Nb3 g5
9. Ne1 Qc7 10. Nd3 Ng6 11. Be3 O-O-O 12. Bg4 Bxg4 13. Qxg4 h5 14. Qe2 Bh6 15. a4
f6 16. a5 Kb8 17. Ra4 fxe5 18. Ndc5 Nxc5 19. Nxc5 exd4 20. Rb4 dxe3 21. Na6+ Kc8
22. Nxc7 Kxc7 23. Qxe3 Bf8 24. Rb3 c5 25. Qxe6 Nf4 26. Qf7+ Rd7 27. Rxb7+ 1-0

[Event "TCh-RUS Women 2017"]
[Site "Sochi RUS"]
[Date "2017.05.10"]
[Round "9.1"]
[Board "2"]
[White "Mukhina, Jana"]
[Black "Belenkaya, Dina"]
[Result "0-1"]
[WhiteTitle "WFM"]
[BlackTitle "WGM"]
[WhiteElo "2004"]
[BlackElo "2290"]
[WhiteTeam "Yuzhnyy Ural Chelyabinsk region"]
[BlackTeam "SDYUSSHOR SHSH St Petersburg"]
[WhiteFideId "34115428"]
[BlackFideId "24142654"]
[EventDate "2017.05.01"]

1. e4 c6 2. d4 d5 3. Nc3 dxe4 4. Nxe4 Nf6 5. Nxf6+ exf6 6. c3 Bd6 7. Bd3 O-O 8.
Ne2 Qc7 9. h3 Be6 10. Qc2 Kh8 11. Be3 Nd7 12. O-O Rfe8 13. Rad1 g6 14. c4 Nf8
15. Nc3 Rad8 16. Qc1 Bc8 17. c5 Bh2+ 18. Kh1 Be6 19. f4 Bg3 20. Ne2 Bh4 21. g3
Qe7 22. Bf2 Bf5 23. Nc3 Bxh3 24. Rg1 Ne6 25. d5 Nxf4 26. Qxf4 Bg5 27. Qf3 h5 28.
d6 Qd7 29. Rde1 Bg4 30. Qg2 Bf3 0-1

[Event "TCh-RUS Women 2017"]
[Site "Sochi RUS"]
[Date "2017.05.10"]
[Round "9.1"]
[Board "3"]
[White "Styazhkina, Anna"]
[Black "Simakova, Elena"]
[Result "1-0"]
[WhiteTitle "WIM"]
[WhiteElo "2250"]
[BlackElo "1930"]
[WhiteTeam "SDYUSSHOR SHSH St Petersburg"]
[BlackTeam "Yuzhnyy Ural Chelyabinsk region"]
[WhiteFideId "24119300"]
[BlackFideId "34142166"]
[EventDate "2017.05.01"]

1. e4 c5 2. Nf3 Nc6 3. d4 cxd4 4. Nxd4 g6 5. c4 Bg7 6. Be3 Nf6 7. Nc3 Ng4 8.
Qxg4 Nxd4 9. Qd1 Ne6 10. Qd2 Qa5 11. Rc1 b6 12. Be2 Bb7 13. f3 d6 14. b3 O-O 15.
Nd5 Qxd2+ 16. Kxd2 Rae8 17. g4 f5 18. gxf5 gxf5 19. Rhg1 Kh8 20. b4 Nd4 21. Bd1
e5 22. a4 Rf7 23. h4 Re6 24. Ra1 Bh6 25. a5 Bxe3+ 26. Kxe3 bxa5 27. Rxa5 f4+ 28.
Kf2 Rg6 29. Rxg6 hxg6 30. Ba4 a6 31. c5 dxc5 32. Rxc5 Kg7 33. Nb6 Re7 34. Kg2
Ne6 35. Rxe5 Kf6 36. Ra5 Rh7 37. Nd5+ Kf7 38. Bb3 Bc8 39. Nxf4 Rxh4 40. Nxe6
Bxe6 41. Bxe6+ Kxe6 42. Rxa6+ Kf7 43. Kg3 Rh1 44. Kf4 Rb1 45. Rb6 Rb3 46. b5 g5+
47. Kg4 Ke7 48. Rb8 Kd6 49. Rd8+ 1-0

[Event "TCh-RUS Women 2017"]
[Site "Sochi RUS"]
[Date "2017.05.10"]
[Round "9.1"]
[Board "4"]
[White "Turebayeva, Alfiya"]
[Black "Chernyak, Viktoria"]
[Result "1/2-1/2"]
[WhiteTitle "WIM"]
[BlackTitle "WFM"]
[WhiteElo "2079"]
[BlackElo "2254"]
[WhiteTeam "Yuzhnyy Ural Chelyabinsk region"]
[BlackTeam "SDYUSSHOR SHSH St Petersburg"]
[WhiteFideId "13700286"]
[BlackFideId "24165956"]
[EventDate "2017.05.01"]

1. e4 c5 2. c3 d5 3. exd5 Qxd5 4. d4 Nf6 5. Nf3 e6 6. Be2 Be7 7. O-O O-O 8. c4
Qd8 9. Nc3 cxd4 10. Nxd4 Na6 11. Ndb5 Bd7 12. Bf3 Bc6 13. Bxc6 bxc6 14. Nd4 Qd7
15. Nb3 Qc7 16. Qe2 Rfe8 17. Be3 e5 18. Rfd1 Qc8 19. Bg5 Qe6 20. Bxf6 Qxf6 21.
Rd7 Red8 22. Rad1 Rxd7 23. Rxd7 Qe6 24. Rd1 g6 25. Re1 Rd8 26. Qxe5 Qxe5 27.
Rxe5 Bf6 28. Re1 Nb4 29. g3 Nd3 30. Rd1 Nxb2 31. Rxd8+ Bxd8 32. c5 Nd3 33. Kf1
Kf8 34. Ke2 Ne5 35. f4 Nd7 36. Kd3 Ke7 37. Kc4 Bc7 38. Nd4 Nb8 39. Ne4 h5 40. f5
Be5 41. fxg6 fxg6 42. h3 Kd7 43. g4 hxg4 44. hxg4 Ke7 45. Nf3 Nd7 46. Nh4 Kf7
47. Ng5+ Kf6 48. Ne4+ Kf7 49. Ng5+ Kf6 50. Ne4+ 1/2-1/2

[Event "TCh-RUS Women 2017"]
[Site "Sochi RUS"]
[Date "2017.05.10"]
[Round "9.2"]
[Board "2"]
[White "Girya, Olga"]
[Black "Nasybullina, Alfia"]
[Result "1-0"]
[WhiteTitle "WGM"]
[BlackTitle "WFM"]
[WhiteElo "2476"]
[BlackElo "2162"]
[WhiteTeam "Yugra Khanty-Yugra"]
[BlackTeam "Bukavushki Tolyatti"]
[WhiteFideId "4195752"]
[BlackFideId "4132416"]
[EventDate "2017.05.01"]

1. d4 d5 2. Nf3 Nf6 3. c4 c6 4. Nc3 e6 5. Bg5 h6 6. Bxf6 Qxf6 7. e3 Nd7 8. Bd3
Qd8 9. O-O Nf6 10. e4 dxe4 11. Nxe4 Be7 12. Qe2 Nxe4 13. Qxe4 Qd6 14. Rad1 f5
15. Qe2 c5 16. dxc5 Qxc5 17. Ne5 O-O 18. Ng6 Re8 19. Bc2 Bd6 20. Rfe1 Kh7 21. b4
Qc7 22. Bxf5 Kg8 23. c5 Bxh2+ 24. Kh1 Bd7 25. Bg4 Kh7 26. Rxd7 Qxd7 27. Qc2 Qd4
28. Ne5+ Kh8 29. Kxh2 Qf4+ 30. g3 Qxb4 31. Ng6+ Kh7 32. Bxe6 Qxe1 33. Nf8+ Kh8
34. Qh7# 1-0

[Event "TCh-RUS Women 2017"]
[Site "Sochi RUS"]
[Date "2017.05.10"]
[Round "9.2"]
[Board "3"]
[White "Trapeznikova, Darya"]
[Black "Nechaeva, Marina"]
[Result "1/2-1/2"]
[WhiteTitle "WFM"]
[BlackTitle "IM"]
[WhiteElo "2112"]
[BlackElo "2409"]
[WhiteTeam "Bukavushki Tolyatti"]
[BlackTeam "Yugra Khanty-Yugra"]
[WhiteFideId "24121118"]
[BlackFideId "4149351"]
[EventDate "2017.05.01"]

1. d4 d5 2. c4 c6 3. Nc3 Nf6 4. e3 e6 5. Nf3 Nbd7 6. Bd3 dxc4 7. Bxc4 b5 8. Bd3
Bb7 9. e4 b4 10. Na4 c5 11. e5 Nd5 12. O-O Rc8 13. Qe2 cxd4 14. Nxd4 Be7 15. Re1
O-O 16. Qg4 Re8 17. Bd2 a6 18. b3 Bf8 19. Bg5 Qc7 20. Qg3 g6 21. Rac1 Qa5 22.
Nb2 Rxc1 23. Rxc1 Nc3 24. Nc4 Qd5 25. Ne2 Ne4 26. Bxe4 Qxe4 27. Be3 Rc8 28. Rd1
Bd5 29. Nd6 Bxd6 30. exd6 Rc6 31. Nd4 Rxd6 32. Rc1 Bb7 33. Nf3 Qd5 34. h3 Rc6
35. Rxc6 Bxc6 36. Qc7 Qd1+ 37. Kh2 Bxf3 38. Bh6 f6 39. Qd8+ Kf7 40. gxf3 g5 41.
Bf8 Kg6 42. Bxb4 Qxf3 43. Qg8+ Kf5 44. Qxh7+ Ke5 45. Kg1 Qd1+ 46. Kh2 Qd4 47.
Bc3 Qxc3 48. Qxd7 Qc2 49. Qa7 Qxa2 50. Qc5+ Ke4 51. Qe3+ Kd5 52. Qf3+ Ke5 53.
Qe3+ Kd6 54. Qd3+ Kc7 55. Qc3+ Kd7 56. Qxf6 Qxb3 57. Qxg5 Qb8+ 58. Kg1 Qb1+ 59.
Kh2 Qf5 60. Qe3 a5 61. h4 Ke7 62. Qd4 Kf7 63. Kg3 Kg6 64. Qh8 Qf6 65. Qe8+ Kh6
66. Qa8 Qa1 67. f3 a4 68. Qa5 Qd4 69. Qg5+ Kh7 70. Qh5+ Kg7 71. Qg5+ Kf8 72. Qa5
Qd6+ 73. Kg2 a3 74. h5 Qd3 75. h6 Qc2+ 76. Kg3 a2 77. Qd8+ Kf7 78. Qd7+ Kf8 79.
Qg7+ Ke8 80. h7 Qxh7 81. Qxh7 a1=Q 1/2-1/2

[Event "TCh-RUS Women 2017"]
[Site "Sochi RUS"]
[Date "2017.05.10"]
[Round "9.2"]
[Board "4"]
[White "Kovanova, Baira"]
[Black "Azimova, Karina"]
[Result "1-0"]
[WhiteTitle "WGM"]
[WhiteElo "2363"]
[BlackElo "2059"]
[WhiteTeam "Yugra Khanty-Yugra"]
[BlackTeam "Bukavushki Tolyatti"]
[WhiteFideId "4164083"]
[BlackFideId "4108310"]
[EventDate "2017.05.01"]

1. e4 Nc6 2. d4 d5 3. e5 Bf5 4. c3 e6 5. Ne2 f6 6. f4 fxe5 7. fxe5 Qh4+ 8. Ng3
O-O-O 9. Nd2 h6 10. Nf3 Qe7 11. Nxf5 exf5 12. Bd3 g6 13. O-O Qg7 14. Be3 Nge7
15. Qc2 Kb8 16. b4 Re8 17. Qa4 Qf7 18. Rae1 Bg7 19. b5 Nd8 20. c4 Ne6 21. Qb3
Rd8 22. Rc1 f4 23. Bf2 g5 24. cxd5 Nxd5 25. Bc4 Qd7 26. Rfd1 Rhe8 27. a4 g4 28.
Nh4 Ng5 29. Nf5 Bf8 30. Nd6 cxd6 31. Bxd5 Qf5 32. b6 a6 33. Rc7 Rd7 34. Rdc1
Red8 35. Qc4 Rh7 36. Rxh7 Qxh7 37. Qc7+ Qxc7 38. bxc7+ 1-0

[Event "TCh-RUS Women 2017"]
[Site "Sochi RUS"]
[Date "2017.05.10"]
[Round "9.3"]
[Board "1"]
[White "Gritsayeva, Oksana"]
[Black "Ambartsumova, Karina"]
[Result "1/2-1/2"]
[WhiteTitle "WFM"]
[BlackTitle "WGM"]
[WhiteElo "2396"]
[BlackElo "2324"]
[WhiteTeam "Donchanka Rostov region"]
[BlackTeam "Rook Republic of Tatarstan"]
[WhiteFideId "14104652"]
[BlackFideId "4166299"]
[EventDate "2017.05.01"]

1. e4 c5 2. Nf3 Nc6 3. Bb5 e6 4. Bxc6 bxc6 5. d3 Ne7 6. Nh4 Ng6 7. Nxg6 hxg6 8.
Bf4 d6 9. Nc3 e5 10. Bg3 g5 11. Qe2 Be6 12. a3 Rb8 13. Rb1 Be7 14. O-O O-O 15.
b4 cxb4 16. axb4 Qd7 17. Qd2 Rb7 18. d4 exd4 19. Qxd4 c5 20. bxc5 dxc5 21. Qe3
Rxb1 22. Rxb1 f6 23. Rd1 Qb7 24. Nd5 Rc8 25. h3 c4 26. Nxe7+ Qxe7 27. Ra1 Ra8
28. Ra6 Bf7 29. Rc6 Qb7 30. Rc7 Qb1+ 31. Kh2 Qxc2 32. e5 Re8 33. Qxa7 Qg6 34.
exf6 gxf6 35. Qd4 Qf5 36. Rc5 Qg6 37. f3 Kg7 38. Rc6 Re2 39. Rb6 Qf5 40. Kg1 Bd5
41. Bf2 1/2-1/2

[Event "TCh-RUS Women 2017"]
[Site "Sochi RUS"]
[Date "2017.05.10"]
[Round "9.3"]
[Board "2"]
[White "Nebolsina, Vera"]
[Black "Ubiennykh, Ekaterina"]
[Result "1/2-1/2"]
[WhiteTitle "WGM"]
[BlackTitle "WIM"]
[WhiteElo "2284"]
[BlackElo "2307"]
[WhiteTeam "Rook Republic of Tatarstan"]
[BlackTeam "Donchanka Rostov region"]
[WhiteFideId "4163591"]
[BlackFideId "4137582"]
[EventDate "2017.05.01"]

1. e4 c6 2. Nf3 d5 3. Nc3 Nf6 4. e5 Ne4 5. d4 Nxc3 6. bxc3 c5 7. Be2 Nc6 8. h3
Bf5 9. Nh4 Be4 10. e6 fxe6 11. f3 Qc7 12. Be3 g5 13. fxe4 Qg3+ 14. Kd2 dxe4 15.
Bh5+ Kd7 16. Qg4 Qxg4 17. Bxg4 gxh4 18. d5 Ne5 19. Bxe6+ Kc7 20. Bxc5 Bh6+ 21.
Ke2 Ng6 22. Be3 Bxe3 23. Kxe3 a5 24. Kxe4 a4 25. a3 Ra6 26. Rhf1 Rb6 27. Rad1
Rb2 28. d6+ exd6 29. Rf7+ Kb8 30. Rxd6 Re8 31. Kd4 Rxc2 32. Rb6 Re7 33. Rxe7
Nxe7 34. Bg4 Nc6+ 35. Kd3 Rxg2 36. Rb5 Ra2 37. Be6 Rf2 38. Rh5 Kc7 39. Rxh7+ Kd6
40. Ke3 Rg2 41. Rh6 Rg3+ 42. Kd2 Ne5 43. Bb3+ Kc5 44. Bxa4 Nc4+ 45. Ke2 Rxh3 46.
Rh5+ Kd6 47. Rh6+ Ke5 48. Kf2 Rxc3 1/2-1/2

[Event "TCh-RUS Women 2017"]
[Site "Sochi RUS"]
[Date "2017.05.10"]
[Round "9.3"]
[Board "3"]
[White "Tomilova, Elena"]
[Black "Belova, Olga"]
[Result "1-0"]
[WhiteTitle "WIM"]
[BlackTitle "WFM"]
[WhiteElo "2300"]
[BlackElo "2050"]
[WhiteTeam "Donchanka Rostov region"]
[BlackTeam "Rook Republic of Tatarstan"]
[WhiteFideId "4162340"]
[BlackFideId "4138422"]
[EventDate "2017.05.01"]

1. d4 d5 2. Bg5 Nf6 3. Bxf6 exf6 4. e3 Be7 5. c4 dxc4 6. Bxc4 O-O 7. Nc3 c6 8.
Nf3 Nd7 9. h3 b5 10. Bd3 b4 11. Ne4 c5 12. O-O Bb7 13. dxc5 Nxc5 14. Nxc5 Bxc5
15. Bxh7+ Kxh7 16. Qc2+ g6 17. Qxc5 Bxf3 18. gxf3 Qd7 19. Kg2 Rfc8 20. Qxb4 Rab8
21. Qh4+ Kg7 22. Rfd1 Qe6 23. b3 Rb5 24. Rd4 Rh5 25. Qg3 Rc2 26. Re4 Qa6 27. h4
Rd5 28. a4 Rdd2 29. Rf1 Qe2 30. Re8 Qd3 31. Qb8 Rxf2+ 32. Rxf2 Rxf2+ 33. Kxf2
Qd2+ 34. Kg3 Qe1+ 35. Kg4 f5+ 36. Kf4 Qxh4+ 37. Ke5 Qh2+ 38. Kd5 Qd2+ 39. Kc6
Qc3+ 40. Kd7 Qd3+ 41. Qd6 1-0

[Event "TCh-RUS Women 2017"]
[Site "Sochi RUS"]
[Date "2017.05.10"]
[Round "9.3"]
[Board "4"]
[White "Tukaeva, Adelya"]
[Black "Travkina, Anastasia"]
[Result "0-1"]
[BlackTitle "WFM"]
[WhiteElo "2004"]
[BlackElo "2274"]
[WhiteTeam "Rook Republic of Tatarstan"]
[BlackTeam "Donchanka Rostov region"]
[WhiteFideId "24174360"]
[BlackFideId "24129151"]
[EventDate "2017.05.01"]

1. e4 c5 2. Nf3 d6 3. Bb5+ Nd7 4. O-O a6 5. Bd3 Ngf6 6. Re1 b5 7. c4 Rb8 8. cxb5
axb5 9. a3 e6 10. b4 d5 11. e5 Ne4 12. Nc3 cxb4 13. axb4 Bxb4 14. Nxe4 dxe4 15.
Rxe4 Bc5 16. Qe2 Bb7 17. Rg4 h5 18. Rxg7 Bxf3 19. gxf3 Bd4 20. Rb1 Bxe5 21. Rg2
b4 22. Bb5 Qc7 23. f4 Rxb5 24. Qxb5 Qc2 25. fxe5 Qxb1 26. Qc6 Qa1 27. f4 Qd4+
28. Kh1 Ke7 29. Qd6+ Qxd6 30. exd6+ Kxd6 31. Bb2 Rc8 32. d3 h4 33. Rg4 Rc2 34.
Be5+ Kd5 35. Rxh4 b3 36. Bh8 e5 37. fxe5 b2 38. Rb4 Rc1+ 39. Kg2 b1=Q 40. Rxb1
Rxb1 0-1

[Event "TCh-RUS Women 2017"]
[Site "Sochi RUS"]
[Date "2017.05.10"]
[Round "9.4"]
[Board "2"]
[White "Goltseva, Ekaterina"]
[Black "Kashlinskaya, Alina"]
[Result "0-1"]
[WhiteTitle "WFM"]
[BlackTitle "IM"]
[WhiteElo "2205"]
[BlackElo "2427"]
[WhiteTeam "University Belorechensk"]
[BlackTeam "Legacy Square Capital Moscow"]
[WhiteFideId "24173770"]
[BlackFideId "4198026"]
[EventDate "2017.05.01"]

1. d4 Nf6 2. c4 e6 3. Nc3 Bb4 4. Qc2 O-O 5. a3 Bxc3+ 6. Qxc3 d6 7. Nf3 Nc6 8. b4
e5 9. e3 Re8 10. Bb2 Bg4 11. d5 Ne7 12. Nd2 c6 13. f3 Bd7 14. dxc6 Nxc6 15. Be2
a5 16. b5 Ne7 17. O-O Rc8 18. Qb3 Qb6 19. Kh1 Nf5 20. e4 Ne3 21. Rfc1 Nh5 22.
Bf1 Qc5 23. Qd3 Nf4 24. Qc3 Nxf1 25. Nxf1 Ne2 26. Qe3 Nxc1 27. Rxc1 Be6 28. Qxc5
Rxc5 29. Ne3 a4 30. Bc3 Rec8 31. Bb4 Rxb5 32. Rd1 Bxc4 33. Nf5 Bb3 34. Rf1 Rd8
35. Bxd6 g6 36. Ne7+ Kg7 37. Bb4 Rd1 38. Rxd1 Bxd1 39. Nd5 Bb3 40. Nc3 Rxb4 0-1

[Event "TCh-RUS Women 2017"]
[Site "Sochi RUS"]
[Date "2017.05.10"]
[Round "9.4"]
[Board "3"]
[White "Pustovoitova, Daria"]
[Black "Beshukova, Alina"]
[Result "1-0"]
[WhiteTitle "FM"]
[WhiteElo "2420"]
[BlackElo "1997"]
[WhiteTeam "Legacy Square Capital Moscow"]
[BlackTeam "University Belorechensk"]
[WhiteFideId "4182146"]
[BlackFideId "24164828"]
[EventDate "2017.05.01"]

1. c4 Nf6 2. Nc3 g6 3. g3 Bg7 4. Bg2 O-O 5. d4 d6 6. Nf3 Nbd7 7. O-O e5 8. h3
exd4 9. Nxd4 Re8 10. e4 Nc5 11. Re1 Bd7 12. Bf4 a5 13. Qd2 Ne6 14. Be3 Nc5 15.
Bg5 Qc8 16. Kh2 Ne6 17. Nxe6 Bxe6 18. Nd5 Bxd5 19. cxd5 Nd7 20. Be3 Qd8 21. Rac1
Nf6 22. f3 Rf8 23. Bf1 Qd7 24. Qc2 Ne8 25. Qb3 b6 26. Bb5 Qe7 27. Kg2 f5 28.
exf5 Rxf5 29. Bxb6 Re5 30. Bf2 Rb8 31. Rxe5 dxe5 32. d6+ Qf7 33. Qxf7+ Kxf7 34.
dxc7 Rc8 35. Bd7 Rxc7 36. Bxe8+ 1-0

[Event "TCh-RUS Women 2017"]
[Site "Sochi RUS"]
[Date "2017.05.10"]
[Round "9.4"]
[Board "4"]
[White "Khristenko, Anna"]
[Black "Shuvalova, Polina"]
[Result "0-1"]
[BlackTitle "WIM"]
[WhiteElo "1793"]
[BlackElo "2385"]
[WhiteTeam "University Belorechensk"]
[BlackTeam "Legacy Square Capital Moscow"]
[WhiteFideId "24173886"]
[BlackFideId "24171760"]
[EventDate "2017.05.01"]

1. d4 Nf6 2. g3 d5 3. Bg2 e6 4. Nf3 Be7 5. c4 c6 6. O-O O-O 7. Nc3 b6 8. Ne5 Ba6
9. cxd5 cxd5 10. Bd2 b5 11. Qb3 Qb6 12. e3 Nbd7 13. Nxd7 Nxd7 14. Rfc1 Rfc8 15.
Bf1 Rcb8 16. a4 bxa4 17. Qxb6 axb6 18. Bxa6 Rxa6 19. Rxa4 Rxa4 20. Nxa4 Kf8 21.
Kg2 Ke8 22. Rc6 b5 23. Nc5 Nxc5 24. dxc5 Kd7 25. Rb6 Rxb6 26. cxb6 Kc6 27. Bc3
f6 28. b4 Kxb6 29. f4 Kc6 30. g4 d4 31. Bxd4 Bxb4 32. Kf3 Kd5 33. g5 Be7 34. h4
b4 35. Ke2 e5 36. fxe5 fxe5 37. Bb2 Ke4 38. Bc1 Bc5 39. h5 b3 40. h6 g6 41. Bb2
Bxe3 42. Bxe5 Kxe5 43. Kxe3 b2 0-1